[Event "FRA-ch op-C"]
[Site "Caen"]
[Date "2011.08.19"]
[Round "4"]
[White "Rossinot, Helene"]
[Black "David, Sebastien"]
[Result "0-1"]
[WhiteElo "1653"]
[BlackElo "1763"]
[PlyCount "70"]
[EventDate "2011.08.16"]
[EventType "swiss"]
[EventRounds "11"]
[EventCountry "FRA"]
[SourceTitle "EXT 2012"]
[Source "ChessBase"]
[SourceDate "2011.11.24"]
[SourceVersion "1"]
[SourceVersionDate "2011.11.24"]
[SourceQuality "1"]

1. c4 Nf6 2. g3 g6 3. Bg2 c6 4. Nc3 Bg7 5. e3 d5 6. cxd5 cxd5 7. Nge2 0-0 8. 0-0 Nc6 9. d4 b6 10. Bd2 Bb7 11. Rc1 Rb8 12. Nf4 e5 13. Nfxd5 exd4 14. exd4 Nxd5 15. Nxd5 Nxd4 16. Bf4 Bxd5 17. Bxb8 Bxg2 18. Kxg2 Qxb8 19. b3 Rd8 20. Qe1 Re8 21. Qd2 Qa8+ 22. Kh3 Nf3 23. Qf4 Re4 24. Qxf3 Rh4+ 25. Kg2 Rxh2+ 26. Kxh2 Qxf3 27. Rc8+ Bf8 28. Kg1 Kg7 29. Rc7 Bc5 30. Rxa7 Qxg3+ 31. Kh1 Bxf2 32. Rxf2 Qxf2 33. b4 h5 34. a4 h4 35. a5 h3 0-1

[Event "FRA-ch U18 Girls"]
[Site "Le Grand Bornand"]
[Date "2007.04.11"]
[Round "5"]
[White "Rossinot, Helene"]
[Black "Riquebon, Nathalie"]
[Result "1/2-1/2"]
[WhiteElo "1880"]
[BlackElo "1767"]
[PlyCount "62"]
[EventDate "2007.04.07"]
[EventType "swiss"]
[EventRounds "9"]
[EventCountry "FRA"]
[SourceTitle "CBM 118 Extra"]
[Source "ChessBase"]
[SourceDate "2007.07.04"]
[SourceVersion "1"]
[SourceVersionDate "2007.07.04"]
[SourceQuality "1"]

1. d4 d5 2. Nf3 e6 3. c4 c6 4. Nc3 f5 5. Bf4 Bd6 6. Bg3 Nf6 7. e3 Bxg3 8. hxg3 Nbd7 9. Bd3 Ne4 10. Qc2 Ndf6 11. Ne5 Bd7 12. 0-0 h5 13. Nxe4 Nxe4 14. Bxe4 fxe4 15. Qe2 h4 16. Qg4 Qf6 17. f3 Qh6 18. f4 hxg3 19. Qxg3 Qh1+ 20. Kf2 Qh4 21. Rh1 Qxg3+ 22. Kxg3 0-0-0 23. Rh3 Rxh3+ 24. gxh3 Rh8 25. Rh1 Be8 26. Kg4 Rh5 27. c5 g6 28. h4 b6 29. b4 b5 30. Ra1 Kb7 31. a3 a6 1/2-1/2

[Event "France-ch U14 Girls"]
[Site "Reims"]
[Date "2004.04.18"]
[Round "1"]
[White "Rossinot, Helene"]
[Black "Guyon, Cindy"]
[Result "0-1"]
[WhiteElo "1460"]
[BlackElo "1970"]
[PlyCount "58"]
[EventDate "2004.04.??"]
[EventType "swiss"]
[EventRounds "9"]
[EventCountry "FRA"]
[SourceTitle "EXT 2005"]
[Source "ChessBase"]
[SourceDate "2004.11.15"]
[SourceVersion "1"]
[SourceVersionDate "2004.11.15"]
[SourceQuality "1"]

1. d4 Nf6 2. Nf3 g6 3. c4 Bg7 4. Nc3 c5 5. d5 d6 6. e4 0-0 7. Be2 e6 8. 0-0 a6 9. Re1 Re8 10. Bd3 exd5 11. exd5 Rxe1+ 12. Qxe1 Bg4 13. Ng5 Nbd7 14. Rb1 Ne5 15. Be2 Qd7 16. f3 Bf5 17. Ra1 Re8 18. Bf4 Nxc4 19. b3 Ne5 20. Qd2 Nh5 21. Bxe5 Bxe5 22. g4 Bxc3 23. Qxc3 Rxe2 24. gxh5 Qe7 25. f4 h6 26. Nf3 Re3 27. Qb2 Rxf3 28. Kh1 Be4 29. Kg1 Qh4 0-1